00531nam a2200193 a 4500001001300000003000900013005001700022008004100039020002300080082002200103100001600125245002700141260004900168300000900217500003500226505004000261650002000301700001600321nice12345678IN_TiNIC20260116013734.0050524s1996 alba grp 000 0 eng  a079146X c97200a305.42095694bKAW aKawar, Amal aDaughters of Palestine aAlbany bState University of New York c1996 a159p aincludes index and biblioraphy2 aGlossary, Appendix and Bibliography aWomen-Palestine1 aKawar, Amal